Nemocničnými chodbami sa valil dym, splodín sa nadýchali sestry aj pacienti odstraňujú následky požiaru, nasleduje oprava aj dezinfekcia

Bibliographic Details
Main Author: (mi) (Author)
Format: Article
Language:Slovak
PhysicalDescription:Fotografie
ISSN:2585-7355
Subjects:
Online Access:https://kosice.korzar.sme.sk/c/22244868/v-kosickej-nemocnici-horelo-pacientov-museli-evakuovat.html

MARC

LEADER 00000nab a2200000u 4500
001 vtls011896751
003 SK-MaSNL
005 20260303210805.0
008 191029|20191026xo ||||||| || ||slo|
038 |a KEVKJB 
040 |a KEVKJB  |b slo  |e rda 
041 0 |a slo 
043 |a e-xo--- 
044 |a xo  |c SK 
072 7 |a 614.84  |x Požiare. Ochrana pred požiarmi  |2 konspekt 
080 |a 614.841  |2 2011 
100 1 |a (mi)  |4 aut  |9 839726 
245 1 0 |a Nemocničnými chodbami sa valil dym, splodín sa nadýchali sestry aj pacienti  |b odstraňujú následky požiaru, nasleduje oprava aj dezinfekcia  |c [autor] (mi) 
300 |b Fotografie 
336 |a text  |b txt  |2 rdacontent 
337 |a bez média  |b n  |2 rdamedia 
338 |a zväzok  |b nc  |2 rdacarrier 
610 2 7 |a Univerzitná nemocnica L. Pasteura Košice  |2 SNKKAnba  |9 155401 
650 0 7 |a požiare  |2 SNKPH  |9 1504 
650 0 7 |a nemocnice  |2 SNKPH  |9 3008 
651 7 |a Košice (Slovensko)  |2 SNKPHgeo  |9 18694 
773 0 |t Korzár  |g Roč. XXII., č. 250 (26.10.2019), s. 3  |x 2585-7355 
852 |a KEVKJB  |b KIS3GCP 
856 4 1 |u https://kosice.korzar.sme.sk/c/22244868/v-kosickej-nemocnici-horelo-pacientov-museli-evakuovat.html 
999 |c 2201744  |d 2203674